Welcome to CU Library Online Public Access Catalogue (OPAC)

The NIV exhaustive concordance / (Record no. 7190)

MARC details
000 -LEADER
fixed length control field 00843cam a2200241 a 4500
001 - CONTROL NUMBER
control field 2944302
005 - DATE AND TIME OF LATEST TRANSACTION
control field 20250726143043.0
008 - FIXED-LENGTH DATA ELEMENTS--GENERAL INFORMATION
fixed length control field 900611s1990 miu di 000 0 eng
020 ## - INTERNATIONAL STANDARD BOOK NUMBER
International Standard Book Number 0310436907
Qualifying information alk. paper
020 ## - INTERNATIONAL STANDARD BOOK NUMBER
International Standard Book Number 9780310436904
Qualifying information (alk. paper)
050 00 - LIBRARY OF CONGRESS CALL NUMBER
Classification number BS425
Item number .G62 1990
082 00 - DEWEY DECIMAL CLASSIFICATION NUMBER
Classification number 220.5/208
Edition information 20
100 1# - MAIN ENTRY--PERSONAL NAME
Personal name Goodrick, Edward W.,
Dates associated with a name 1913-
245 14 - TITLE STATEMENT
Title The NIV exhaustive concordance /
Statement of responsibility, etc. Edward W. Goodrick, John R. Kohlenberger III.
260 ## - PUBLICATION, DISTRIBUTION, ETC.
Place of publication, distribution, etc. Grand Rapids, Mich. :
Name of publisher, distributor, etc. Zondervan Pub. House,
Date of publication, distribution, etc. c1990.
300 ## - PHYSICAL DESCRIPTION
Extent xx, 1853 p. ;
Dimensions 29 cm.
500 ## - GENERAL NOTE
General note "A Regency Reference Library book."
650 #0 - SUBJECT ADDED ENTRY--TOPICAL TERM
Topical term or geographic name entry element Hebrew language
General subdivision Dictionaries
-- English.
650 #0 - SUBJECT ADDED ENTRY--TOPICAL TERM
Topical term or geographic name entry element Aramaic language
General subdivision Dictionaries
-- English.
650 #0 - SUBJECT ADDED ENTRY--TOPICAL TERM
Topical term or geographic name entry element Greek language, Biblical
General subdivision Dictionaries
-- English.
700 1# - ADDED ENTRY--PERSONAL NAME
Personal name Kohlenberger, John R.
942 ## - ADDED ENTRY ELEMENTS (KOHA)
Source of classification or shelving scheme Library of Congress Classification
Koha item type Books
Suppress in OPAC No
999 ## -
-- 7190
-- 7190
Holdings
Withdrawn status Lost status Source of classification or shelving scheme Damaged status Not for loan Collection Home library Current library Shelving location Date acquired Total checkouts Full call number Barcode Date last seen Copy number Price effective from Koha item type
    Library of Congress Classification     Reference Undergraduate Library (Christ Temple) Undergraduate Library (Christ Temple) General stacks 07/26/2025   REF BS425 GOO ulct00004193 07/26/2025 1 07/26/2025 Books
© 2023-2024 Copyright: Central University Libraries. All Rights Reserved | Created by: Mahone Tech Office